000
00257 a2200085 4500
245
_a
FPGA advantage (student workbook) [Manual]
_c
Mentor Graphics Co.
260
_a
U S A :
_b
Mentor Graphics Co.,
_c
2008.
300
_a
550 p. :
_b
ill. ;
_c
27 cm.
942
_c
BK
_k
006.6 MEN
999
_c
10261
_d
10261